00524nam a22001697a 450000500170000000800410001704000070005804100120006508200220007710000160009924500830011526000470019830000310024536500300027665000300030670000180033620221229143845.0221229b ||||| |||| 00| 0 eng d cAL aEnglish 223a320.954bSHAH aV Shanmugam aHindu Hegemony: An Analysis of Socio-Economic Conditions of Indian Communities aMysorebAsmitha Arhanth Publicationsc2011 axx,325 p.bPBc21.5x14 cm. b₹300.00c₹d₹300.00 aSocio-Economic Conditions aSHANMUGAM (V)